书目信息 |
| 题名: |
ASP.NET动态网页设计实训教程
|
|
| 作者: | 王改性 , 夏亮 , 王素玲 编著 | |
| 分册: | ||
| 出版信息: | 北京 电子工业出版社 2008.05 |
|
| 页数: | 14, 322页 | |
| 开本: | 26cm | |
| 丛书名: | 新时代电脑教育丛书 | |
| 单 册: | ||
| 中图分类: | TP393.092 | |
| 科图分类: | ||
| 主题词: | 网页--wang ye--制作--软件工具--教材 | |
| 电子资源: | ||
| ISBN: | 978-7-121-06454-8 | |
| 000 | 01178nam 2200277 450 | |
| 001 | 012008663597 | |
| 005 | 20080901115145.31 | |
| 010 | @a978-7-121-06454-8@dCNY29.80 | |
| 100 | @a20080901d2008 em y0chiy0120 ea | |
| 101 | 0 | @achi |
| 102 | @aCN@b110000 | |
| 105 | @aa z 000yy | |
| 106 | @ar | |
| 200 | 1 | @aASP.NET动态网页设计实训教程@AASP.NET dong tai wang ye she ji shi xun jiao cheng@f王改性, 夏亮, 王素玲等编著@Fwang gai xing,xia liang,wang su ling deng bian zhu |
| 210 | @a北京@c电子工业出版社@d2008.05 | |
| 215 | @a14, 322页@c图@d26cm | |
| 225 | 2 | @a新时代电脑教育丛书@Axin shi dai dian nao jiao yu cong shu |
| 330 | @a本书包括15章,介绍了如何使用ASP.NET开发网站,具体包括Visual Studio 2005开发环境、ASP.NET的运行环境、HTML和脚本语言、C#编程语言概述、ASP.NET控件的使用、数据绑定、母版页、网站导航、XML数据管理,以及Web程序的开发流程及发布等内容。 | |
| 410 | 0 | @12001 @a新时代电脑教育丛书 |
| 606 | 0 | @a网页@Awang ye@x制作@x软件工具@j教材 |
| 690 | @aTP393.092@v4 | |
| 701 | 0 | @a王改性@Awang gai xing@4编著 |
| 701 | 0 | @a夏亮@Axia liang@4编著 |
| 701 | 0 | @a王素玲@Awang su ling@4编著 |
| 801 | 0 | @aCN@bQSSK@c20080901 |
| 905 | @b733375-76@dTP393.092@eW187@f2 | |
| ASP.NET动态网页设计实训教程/王改性, 夏亮, 王素玲等编著.-北京:电子工业出版社,2008.05 |
| 14, 322页:图;26cm.-(新时代电脑教育丛书) |
| ISBN 978-7-121-06454-8:CNY29.80 |
| 本书包括15章,介绍了如何使用ASP.NET开发网站,具体包括Visual Studio 2005开发环境、ASP.NET的运行环境、HTML和脚本语言、C#编程语言概述、ASP.NET控件的使用、数据绑定、母版页、网站导航、XML数据管理,以及Web程序的开发流程及发布等内容。 |
| ● |
| 相关链接 |
|
|
|
正题名:ASP.NET动态网页设计实训教程
索取号:TP393.092/W187
 
预约/预借
| 序号 | 登录号 | 条形码 | 馆藏地/架位号 | 状态 | 备注 |
| 1 | 733375 | 207333759 | 自科库301/301自科库 128排2列6层/ [索取号:TP393.092/W187] | 在馆 | |
| 2 | 733376 | 207333768 | 自科库301/301自科库 128排2列6层/ [索取号:TP393.092/W187] | 在馆 |